Taylor Swift - Les surprise songs jamais jouées - Statistiques

Statistiques générales
  • Ce quiz a été pris 13 fois
  • Le résultat moyen est 4 sur 6
Statistiques - réponses
album chanson % Correct
Lover Soon you'll get better
100%
Ronan
82%
Forever Winter
64%
Red Girl at home
64%
Fearless That's when
64%
Bye Bye Baby
55%
Aucun quiz correspondant
Distribution des résultats
% des personnes avec chaque résultat
Percentile par nombre de réponses
Votre historique - résultats
Vous n’avez pas pris ce quiz